[Event "Mitropa Cup Men"]
[Site "Szeged HUN"]
[Date "2007.05.13"]
[Round "6"]
[White "Simacek,P"]
[Black "Saric,Iv"]
[Result "0-1"]
[WhiteElo "2495"]
[BlackElo "2463"]

1.d4 Nf6 2.Bg5 d5 3.Bxf6 gxf6 4.e3 c5 5.dxc5 e6 6.c4 dxc4 7.Qxd8+ Kxd8 8.Bxc4 Bxc5
9.Nc3 Ke7 10.Rc1 a6 11.Bb3 Nd7 12.Nf3 b5 13.Ke2 Bb7 14.Rhd1 Rac8 15.g3 Bb6
16.Bc2 Bxf3+ 17.Kxf3 Ne5+ 18.Ke2 Nc4 19.Rb1 Ba5 20.Bb3 Bxc3 21.bxc3 Na3 22.Rbc1 a5
23.Rd4 a4 24.Bd1 Rc5 25.Rh4 f5 26.Ke1 Kf6 27.Be2 Rhc8 28.c4 Kg7 29.e4 fxe4
30.Rxe4 Nxc4 31.Bxc4 Rxc4 32.Rcxc4 Rxc4 33.Rxc4 bxc4 34.Kd2 Kf6 35.Kc3 Ke5
36.Kxc4 Ke4 37.Kb4 Kf3 38.Kxa4 Kxf2 39.Kb5 e5 40.a4 e4 41.a5 e3 42.a6 e2
43.a7 e1=Q 44.a8=Q Qe2+ 45.Kb6 Kg1 46.Qd8 Qe6+ 47.Ka7 Qe3+ 48.Ka8 Qe4+ 49.Ka7 Kxh2
50.Qg5 Kg2 51.Qf6 Qe3+ 52.Kb8 Qxg3+ 53.Kc8 Qh3+ 54.Kc7 Qf3 55.Qh6 Qg3+ 56.Kd8 f5
57.Qd2+ Kh3 58.Kc8 f4 59.Qd5 f3 60.Kb7 Qg7+ 61.Ka6 Kg2 62.Kb6 Qg6+ 63.Ka7 h5
64.Qd2+ f2 65.Qd5+ Kg1 66.Qd4 Qg4 67.Qe3 h4 68.Ka8 h3  0-1

[Event "16th TCh-CRO"]
[Site "Sibenik CRO"]
[Date "2007.05.18"]
[Round "2"]
[White "Matas,Z"]
[Black "Nakic,Z"]
[Result "1/2-1/2"]
[WhiteElo "1985"]
[BlackElo "2177"]

1.d4 Nf6 2.Bg5 c5 3.Bxf6 gxf6 4.dxc5 Qa5+ 5.c3 Qxc5 6.Nd2 Nc6 7.e3 Qb6 8.Qc2 d6
9.Ne2 Bd7 10.Ng3 Ne5 11.Be2 e6 12.Nge4 Be7 13.O-O-O f5 14.f4 fxe4 15.fxe5 d5
16.Bh5 Qxe3 17.Rhf1 Rf8 18.Kb1 Qg5 19.g4 O-O-O 20.c4 Kb8 21.cxd5 exd5 22.Qc3 f6
23.exf6 Bxf6 24.Qb4 Qe5 25.Rfe1 a5 26.Qa3 Ba4 27.Nb3 Bxb3 28.Qxb3 d4 29.g5 Bxg5
30.Be2 Bh4 31.Ba6 Rd7 32.Rf1 Rxf1 33.Rxf1 Bf6 34.Qb6 Be7 35.Bb5 Rc7 36.Rg1 Qd5
37.b3 Bd8 38.Bc4 Qc5 39.Qh6 Be7 40.a4 Qb4 41.Qe6 e3 42.Qe5 Qb6 43.Rg8+ Ka7
44.Qh8 Qb4 45.Ra8+ Kb6 46.Qxd4+ Qc5 47.Qd3 Bf6 48.Re8 Re7 49.Rxe7 Qxe7 50.Qd5 Bc3
51.Kc2 Bb4 52.Kd1 Ka7 53.Ke2 Bc5 54.Bd3 Bb6 55.Be4 Qc7 56.Kf3 h6 57.h4 Qg7
58.h5 Qf8+ 59.Qf5 Qe7 60.Qh7 Qf6+ 61.Qf5 Qh4 62.Qd5 Qf6+ 63.Kg4 Qg7+ 64.Kf3 Qc7
65.Ke2 Qc8 66.Qf7 Qb8 67.Qd5 Qc7 68.Kf3 Qg7 69.Ke2 Kb8  1/2-1/2

[Event "50th TCh-SRB Cup"]
[Site "Mataruska Banja SRB"]
[Date "2007.05.21"]
[Round "1"]
[White "Miladinovic,I"]
[Black "Ivanovic,Dragu"]
[Result "1-0"]
[WhiteElo "2607"]
[BlackElo "2350"]

1.d4 d5 2.Bg5 Nf6 3.Bxf6 exf6 4.e3 Bd6 5.c4 dxc4 6.Bxc4 O-O 7.Nc3 Nd7 8.Bd3 c5
9.Nge2 cxd4 10.Nxd4 Ne5 11.O-O Bd7 12.Be4 Nc6 13.Nxc6 Bxc6 14.Bxc6 bxc6 15.Na4 Qa5
16.Rc1 Rac8 17.Rc4 Qe5 18.g3 Rc7 19.Qf3 Rfc8 20.Rfc1 Qb5 21.Kg2 Bf8 22.R1c2 Bd6
23.b3 Bf8 24.Nc3 Qa5 25.Ne2 Qb6 26.Nf4 Qb5 27.Nd5  1-0

[Event "Nesis Rapid Cup"]
[Site "Kirishi RUS"]
[Date "2007.05.22"]
[Round "8"]
[White "Novik,M"]
[Black "Janovsky,S"]
[Result "1-0"]
[WhiteElo "2466"]
[BlackElo "2496"]

1.d4 Nf6 2.Bg5 d5 3.Nd2 Nbd7 4.e3 e5 5.Ngf3 Bd6 6.c4 e4 7.Ng1 c6 8.Ne2 h6
9.Bh4 g5 10.Bg3 Bxg3 11.Nxg3 Nf8 12.Be2 Ng6 13.O-O Qd6 14.f3 exf3 15.Bxf3 Be6
16.c5 Qd7 17.e4 Nf4 18.e5 Ng4 19.Qb3 h5 20.Ne2 Ng6 21.Bxg4 hxg4 22.Qe3 Qe7
23.Rf6 O-O-O 24.Qxg5 Rdg8 25.Raf1 Nf8 26.Qe3 Rh7 27.Rh6 Rgh8 28.Rxh7 Rxh7
29.Rf2 Bd7 30.Qf4 Qh4 31.Nf1 Ne6 32.Qf6 Ng5 33.Neg3 Rh6 34.Qg7 Rg6 35.Qf8+ Kc7
36.Nf5 Qh7 37.N1g3 Ne4 38.Nxe4 dxe4 39.Ng3  1-0

[Event "Capo d'Orso"]
[Site "Porto Mannu PAL"]
[Date "2007.05.24"]
[Round "7"]
[White "Efimov,Ig"]
[Black "Puzzoni,C"]
[Result "1-0"]
[WhiteElo "2433"]
[BlackElo "2113"]

1.d4 Nf6 2.Bg5 c5 3.Nc3 cxd4 4.Qxd4 Nc6 5.Qh4 d6 6.e4 Be6 7.O-O-O Nd7 8.Rxd6 Qa5
9.Rd5 Bxd5 10.exd5 Nb4 11.Bc4 Rc8 12.Nf3 h6 13.Bd2 Qc5 14.Bb3 a5 15.Re1 Rg8
16.a3 Na6 17.Ne4 g5 18.Qg4 Qc7 19.d6 Qb8 20.Bxf7+ Kxf7 21.Qxd7 Rd8 22.Qf5+ Ke8
23.Nf6+  1-0

[Event "10th IHEM"]
[Site "Hamburg GER"]
[Date "2007.05.26"]
[Round "1"]
[White "Fries Nielsen,JO"]
[Black "Mueller,Joe"]
[Result "1/2-1/2"]
[WhiteElo "2374"]
[BlackElo "2118"]

1.d4 Nf6 2.Bg5 g6 3.Bxf6 exf6 4.e4 Bg7 5.c3 O-O 6.Bd3 Re8 7.Ne2 b6 8.O-O Bb7
9.Nd2 d6 10.a4 a5 11.Bb5 c6 12.Bd3 Bh6 13.Nc4 d5 14.exd5 cxd5 15.Na3 Nd7
16.Nb5 Nf8 17.Qb3 Ne6 18.c4 Rc8 19.Nbc3 dxc4 20.Bxc4 Qc7 21.Bb5 Red8 22.Rad1 f5
23.d5 Nc5 24.Qa2 Bf8 25.Nd4 Bd6 26.h3 Qe7 27.Nc6 Bxc6 28.dxc6 Qe5 29.f4 Qe3+
30.Kh1 Bxf4 31.Nd5 Rxd5 32.Qxd5 Ne4 33.Rf3 Ng3+ 34.Kh2  1/2-1/2

[Event "Enci Limburg Open"]
[Site "Maastricht NED"]
[Date "2007.05.27"]
[Round "4"]
[White "Rogers,I"]
[Black "Dobrev,Nan"]
[Result "1-0"]
[WhiteElo "2526"]
[BlackElo "2467"]

1.d4 Nf6 2.Bg5 d5 3.Bxf6 gxf6 4.Nf3 Bf5 5.e3 e6 6.Bd3 Bg6 7.Nbd2 c5 8.dxc5 Bxc5
9.O-O Nc6 10.e4 a6 11.c3 O-O 12.Qe2 Re8 13.Rfe1 Qb6 14.b4 Bf8 15.a3 Rad8
16.Nh4 Ne5 17.Nxg6 hxg6 18.Nf3 Nxd3 19.Qxd3 dxe4 20.Qxe4 Bg7 21.Rad1 f5 22.Qc2 a5
23.Qb3 Bf6 24.c4 e5 25.c5 Qc7 26.Nd2 axb4 27.axb4 e4 28.Nc4 Be5 29.g3 Qe7
30.Rxd8 Rxd8 31.Rd1 Rxd1+ 32.Qxd1 f4 33.Nxe5 Qxe5 34.Qd8+ Kg7 35.gxf4 Qxf4
36.Qd4+ Kg8 37.Qc3 Qg4+ 38.Kf1 Qd1+ 39.Kg2 Qg4+ 40.Qg3 Qd7 41.Qb8+ Kh7 42.Qd6 Qg4+
43.Qg3 Qe2 44.Qb3 Kg7 45.h3 f5 46.Qg3 Qb5 47.h4 Qc6 48.Kg1 Kf7 49.Qf4 Ke6
50.Qg5 Kd5 51.b5 Qe6 52.c6 bxc6 53.b6 e3 54.b7 e2 55.Qd2+ Kc5 56.Qc3+ Qc4
57.Qe3+ Qd4 58.Qxe2 Qb4 59.Qe7+  1-0

[Event "Memorial Day Classic"]
[Site "Los Angeles USA"]
[Date "2007.05.28"]
[Round "5"]
[White "Banawa,Joe"]
[Black "Moussa,A"]
[Result "1-0"]
[WhiteElo "2310"]
[BlackElo "2223"]

1.d4 Nf6 2.Bg5 d5 3.Bxf6 exf6 4.e3 Bd6 5.g3 O-O 6.Bg2 Re8 7.Nd2 c6 8.Ne2 Bg4
9.h3 Be6 10.b3 Nd7 11.O-O f5 12.Nf4 Nf6 13.c4 Ne4 14.Rc1 Qa5 15.Nxe4 fxe4
16.Rc2 Bf5 17.Qh5 g6 18.Qe2 g5 19.Nh5 Re6 20.f4 exf3 21.Qxf3 Bg6 22.cxd5 cxd5
23.Nf6+ Kg7 24.Rcf2 Rf8 25.Nxd5 Be4 26.Qh5 Qxd5 27.Rxf7+ Rxf7 28.Qxf7+ Kh8
29.Rc1  1-0

[Event "Doroshkevich Mem"]
[Site "Belorechensk RUS"]
[Date "2007.05.30"]
[Round "2"]
[White "Karabakhsjan,A"]
[Black "Petrushin,A"]
[Result "0-1"]
[WhiteElo "2287"]
[BlackElo "2492"]

1.d4 Nf6 2.Bg5 g6 3.Bxf6 exf6 4.e3 d5 5.c4 dxc4 6.Bxc4 Bg7 7.h4 h5 8.Ne2 c6
9.Qb3 Qe7 10.Nbc3 Nd7 11.Nf4 Bh6 12.O-O Nb6 13.d5 f5 14.d6 Qf6 15.Rad1 O-O
16.Na4 Nxa4 17.Qxa4 b5 18.Qb4 bxc4 19.d7 Ba6 20.Rd6 Qe5 21.Rfd1 Rfd8 22.Rxc6 Rab8
23.Qa3 Bb7 24.Rxc4 Qb5 25.Rc5 Qb6 26.Re5 Qc6 27.Rc5 Qe4 28.Rd4 Qb1+ 29.Kh2 Qf1
30.f3 Qf2 31.Nh3 Qxe3 32.Rd3 Qe2 33.Ng1  0-1

[Event "Aldo Perini Mem"]
[Site "Senigallia ITA"]
[Date "2007.06.01"]
[Round "7"]
[White "Skembris,S"]
[Black "Aleksic,Nen1"]
[Result "1-0"]
[WhiteElo "2460"]
[BlackElo "2378"]

1.d4 d5 2.Bg5 Nf6 3.Bxf6 gxf6 4.Nf3 Bg4 5.e3 c6 6.c4 e6 7.Nc3 Nd7 8.Be2 Bd6
9.Nd2 Bxe2 10.Qxe2 f5 11.O-O-O Bb4 12.Qd3 O-O 13.h3 Nf6 14.f3 Bxc3 15.Qxc3 Qe7
16.g4 Rac8 17.c5 b6 18.Nb3 Kh8 19.Kb1 Nd7 20.Rc1 Qf6 21.Qd3 Rg8 22.f4 fxg4
23.hxg4 Qg6 24.Qxg6 fxg6 25.g5 Kg7 26.Rh2 Rc7 27.Rc3 Rb8 28.Kc2 h5 29.gxh6+ Kh7
30.cxb6 axb6 31.Nd2 Nf6 32.Nf3 Ne4 33.Ng5+ Nxg5 34.fxg5 c5 35.Rf2 c4 36.Ra3 b5
37.Ra6 Re7 38.Rf6  1-0

[Event "TCh-BIH"]
[Site "Vogosca BIH"]
[Date "2007.06.02"]
[Round "1"]
[White "Miladinovic,I"]
[Black "Balogh,C"]
[Result "1/2-1/2"]
[WhiteElo "2607"]
[BlackElo "2617"]

1.d4 Nf6 2.Bg5 d5 3.Bxf6 exf6 4.e3 Bd6 5.c4 dxc4 6.Bxc4 O-O 7.Nc3 f5 8.Nf3 Nd7
9.O-O c6 10.Re1 Nf6 11.Qc2 Qe7 12.Bd3 g6 13.a3 Be6 14.h3 Rac8 15.b4 Bb8 16.Rac1 Rfe8
17.Qb1 Nd5 18.Na4 Nf6 19.Nc3 Nd5 20.Na4 Nf6 21.Nc3  1/2-1/2

[Event "10th IHEM"]
[Site "Hamburg GER"]
[Date "2007.06.03"]
[Round "9"]
[White "Fraas,H"]
[Black "Kjetsae,J"]
[Result "0-1"]
[WhiteElo "2158"]
[BlackElo "2100"]

1.d4 Nf6 2.Bg5 d5 3.Bxf6 exf6 4.e3 Be6 5.Bd3 c6 6.c3 Qd7 7.Qc2 Bd6 8.Nd2 Na6
9.b4 Nc7 10.a4 b6 11.Nb3 h6 12.Ne2 O-O 13.Ng3 Rfe8 14.O-O g6 15.Nd2 f5 16.Nf3 Qe7
17.Rab1 Qf6 18.c4 dxc4 19.Bxc4 Nd5 20.b5 cxb5 21.Bxb5 Rec8 22.Qd3 Nb4 23.Qd1 Bd5
24.Ne5 Na2 25.Nd7 Qe6 26.Qd2 Nc3 27.e4 fxe4 28.Rbe1 Nxb5 29.Qxh6 Qxd7 30.axb5 Bf8
31.Qg5 Bg7 32.h4 Qd8 33.Qg4 Be6 34.Qxe4 Qxd4 35.Qf3 Qxh4 36.Re4 Qf6 37.Rf4 Qc3  0-1

[Event "zt 2.3"]
[Site "Santo Domingo DOM"]
[Date "2007.06.03"]
[Round "7"]
[White "Farley,T"]
[Black "Gonzalez Zamora,J"]
[Result "0-1"]
[WhiteElo "2284"]
[BlackElo "2537"]

1.d4 Nf6 2.Bg5 c5 3.Bxf6 gxf6 4.d5 Qb6 5.Qc1 f5 6.c4 Bg7 7.Nc3 d6 8.e3 Nd7
9.Nf3 Nf6 10.Bd3 e6 11.O-O O-O 12.Qc2 Bd7 13.Rab1 Rad8 14.Rfd1 Qc7 15.h3 a6
16.a4 Kh8 17.Rd2 Bh6 18.g3 Rg8 19.Kh2 Qc8 20.dxe6 fxe6 21.Be2 Qc7 22.Rbd1 Bf8
23.e4 fxe4 24.Nxe4 Nxe4 25.Qxe4 Bxa4 26.b3 Bc6 27.Qf4 Qg7 28.h4 Be7 29.Qe3 Rgf8
30.Kg1 d5 31.Rd3 d4 32.Qe5 Qxe5 33.Nxe5 Be4 34.R3d2 Bd6 35.Bd3 Bxd3 36.Nxd3 e5
37.Re2 e4 38.Rde1 Rf3 39.Nc1 e3 40.Kg2 Rdf8 41.Nd3 exf2 42.Nxf2 Bxg3  0-1

[Event "7th ch-Euro Senior"]
[Site "Hockenheim GER"]
[Date "2007.06.04"]
[Round "3"]
[White "Brondum,E"]
[Black "Butnorius,A"]
[Result "0-1"]
[WhiteElo "2164"]
[BlackElo "2402"]

1.d4 Nf6 2.Bg5 d5 3.e3 Ne4 4.Bf4 c5 5.f3 Nf6 6.Nc3 a6 7.g4 e6 8.Bg2 Nc6 9.Nge2 Be7
10.Qd2 b5 11.h4 Nd7 12.Bg3 Nb6 13.b3 b4 14.Nd1 a5 15.dxc5 Bxc5 16.Nb2 O-O
17.Nd3 Bd6 18.f4 Ba6 19.g5 Qe7 20.h5 e5 21.f5 e4 22.Ndf4 Bxe2 23.Qxe2  0-1

[Event "7th ch-Euro Senior"]
[Site "Hockenheim GER"]
[Date "2007.06.05"]
[Round "4"]
[White "Scholz,H"]
[Black "Khazankin,M"]
[Result "0-1"]
[WhiteElo "1978"]
[BlackElo "2112"]

1.d4 Nf6 2.Bg5 c5 3.d5 e5 4.Nc3 d6 5.e4 Be7 6.Bb5+ Nbd7 7.a4 a6 8.Bd3 Nxd5
9.Nxd5 Bxg5 10.Nf3 O-O 11.a5 Be7 12.O-O b5 13.axb6 Nxb6 14.Nxe7+ Qxe7 15.b3 Bb7
16.Nd2 Kh8 17.Qe2 a5 18.Bb5 f5 19.Ra3 fxe4 20.Nxe4 Rf4 21.f3 d5 22.Nd2 c4
23.Qf2 Qxa3 24.Qxb6 Qe7 25.Ra1 Rf6 26.Qe3 d4 27.Qf2 cxb3 28.Nxb3 Qb4 29.Qf1 a4
30.Nc1 e4 31.f4 d3 32.Bd7  0-1

[Event "7th ch-Euro Senior"]
[Site "Hockenheim GER"]
[Date "2007.06.05"]
[Round "4"]
[White "Lainburg,V"]
[Black "Pushkov,N"]
[Result "0-1"]
[WhiteElo "2188"]
[BlackElo "2522"]

1.d4 Nf6 2.Bg5 d5 3.Bxf6 exf6 4.e3 Bf5 5.Bd3 Bg6 6.Nf3 Nd7 7.O-O c6 8.Nc3 f5
9.Ne2 Nf6 10.c4 dxc4 11.Bxc4 Bd6 12.Rc1 O-O 13.a4 a5 14.Qb3 Rb8 15.Ne5 Qe7
16.Nxg6 hxg6 17.g3 g5 18.Nc3 g6 19.Rce1 g4 20.Qc2 Rbe8 21.Bd3 Nh7 22.Be2 Bb4
23.Rd1 Ng5 24.d5 Kg7 25.Qd3 Rd8 26.e4 Nxe4 27.Nxe4 fxe4 28.Qd4+ Kh7 29.Bxg4 Rxd5
30.Qc4 Rfd8 31.Qb3 Kg7 32.Be2 Rd2 33.Bc4 Qf6 34.Rxd2 Rxd2 35.Qe3 Rxb2 36.Qxe4 Bc5
37.Qe1 b5  0-1

[Event "TCh-BIH"]
[Site "Vogosca BIH"]
[Date "2007.06.05"]
[Round "4"]
[White "Miladinovic,I"]
[Black "Saric,Ib"]
[Result "1/2-1/2"]
[WhiteElo "2607"]
[BlackElo "2507"]

1.d4 Nf6 2.Bg5 d5 3.e3 Nbd7 4.Nf3 e6 5.c4 c6 6.cxd5 exd5 7.Nc3 Be7 8.Bd3 Ne4
9.Bf4 f5 10.O-O O-O 11.h3 Ng5 12.Bxg5 Bxg5 13.Qc2 Nb6 14.b4 Be7 15.b5 Bd6
16.bxc6 bxc6 17.Nb1 Qf6 18.Nbd2 Bd7 19.a4 Rae8 20.a5 Nc8 21.Rab1 g5 22.Rb7 Re7
23.Ne5 Bxe5 24.dxe5 Qxe5 25.Nf3 Qf6 26.Nd4 f4 27.Rc7 fxe3 28.fxe3 Qe5 29.Bxh7+ Rxh7
30.Rxf8+ Kxf8 31.Qxh7 Qxe3+ 32.Kf1 Qf4+ 33.Ke2 Qe5+ 34.Kd3 Qg3+ 35.Kc2 Qf2+
36.Kb1 Qg1+ 37.Ka2 Qxd4 38.Rxd7 Qd2+ 39.Kb3 Qe3+ 40.Kc2 Qe2+ 41.Kc3 Qe1+
42.Kd3 Qf1+ 43.Kc3 Qe1+ 44.Kb2 Qb4+ 45.Kc2 Qc4+ 46.Kd2 Qd4+ 47.Ke2 Qe5+  1/2-1/2

[Event "8th UKR Universiad"]
[Site "Evpatoria UKR"]
[Date "2007.06.07"]
[Round "2"]
[White "Korobkov,P"]
[Black "Pervakov,S"]
[Result "1-0"]
[WhiteElo "2425"]
[BlackElo "2105"]

1.d4 Nf6 2.Bg5 c5 3.d5 Qb6 4.Nc3 Qxb2 5.Bd2 Qb6 6.e4 e6 7.Nf3 d6 8.Bb5+ Bd7
9.Bxd7+ Nbxd7 10.Rb1 Qc7 11.dxe6 fxe6 12.Ng5 Ke7 13.Bf4 Ne5 14.Nb5 Qc6 15.Nxd6 Qxd6
16.Qxd6+ Kxd6 17.Nf7+ Ke7 18.Rxb7+ Ned7 19.Nxh8 Nxe4 20.O-O Nc3 21.Bg5+ Kd6
22.Nf7+ Kc6 23.Rb3 Ne2+ 24.Kh1 h6 25.Bh4 Nd4 26.Re3 g5 27.Bg3 Re8 28.Rfe1 Nxc2
29.Rxe6+ Rxe6 30.Rxe6+ Kd5 31.Ra6 c4 32.Rxa7 Nf6 33.Ra5+ Ke4 34.Re5+ Kd3
35.Rf5 Be7 36.Ne5+ Ke4 37.Rf3 Kd5 38.Rc3 Nb4 39.a3 Ne4 40.Rxc4 Nxg3+ 41.hxg3 Nd3
42.Nxd3 Kxc4 43.Ne5+ Kb3 44.f4 Kxa3 45.f5 Kb3 46.Nd7  1-0

[Event "8th UKR Universiad"]
[Site "Evpatoria UKR"]
[Date "2007.06.10"]
[Round "7"]
[White "Korobkov,P"]
[Black "Ostrovskiy,And"]
[Result "0-1"]
[WhiteElo "2425"]
[BlackElo "2417"]

1.d4 Nf6 2.Bg5 c5 3.d5 Ne4 4.Bf4 Qb6 5.Bc1 e6 6.f3 Nf6 7.c4 d6 8.e4 g6 9.Nc3 Bg7
10.Bd3 O-O 11.Nge2 Nbd7 12.f4 a6 13.O-O Qc7 14.a4 Rb8 15.h3 Re8 16.g4 b5
17.axb5 axb5 18.Nxb5 Rxb5 19.cxb5 exd5 20.exd5 Nxd5 21.Kh2 Bb7 22.Ng3  0-1

[Event "7th ch-Euro Senior"]
[Site "Hockenheim GER"]
[Date "2007.06.10"]
[Round "9"]
[White "Smits,O"]
[Black "Zakharova,L"]
[Result "1-0"]
[WhiteElo "1894"]
[BlackElo "1938"]

1.d4 Nf6 2.Bg5 g6 3.Nc3 Bg7 4.Qd2 O-O 5.Bh6 d6 6.e4 e5 7.Bg5 Nc6 8.d5 Ne7
9.O-O-O a6 10.h4 h5 11.Be2 Ng4 12.Bxg4 Bxg4 13.f3 Bd7 14.Nge2 f5 15.exf5 Bxf5
16.Rdg1 Bf6 17.Bh6 Qd7 18.Ng3 Rf7 19.Nce4 Bxe4 20.Nxe4 Qf5 21.Ng3 Qd7 22.Ne4 Qf5
23.Qd3 Qd7 24.g4 Kh8 25.gxh5 gxh5 26.Nxf6 Qf5 27.Qxf5 Nxf5 28.Bg5 Raf8 29.Ne4 Nd4
30.Nd2 Ne2+ 31.Kd1 Nxg1 32.Rxg1 Kh7 33.Ke2 Kg6 34.Be7+  1-0

[Event "FSGM June"]
[Site "Budapest HUN"]
[Date "2007.06.12"]
[Round "11"]
[White "Bui Vinh"]
[Black "Berczes,D"]
[Result "1/2-1/2"]
[WhiteElo "2483"]
[BlackElo "2442"]

1.d4 Nf6 2.Bg5 d5 3.e3 c6 4.Bxf6 exf6 5.c4 dxc4 6.Bxc4 Bd6 7.Nf3 f5 8.O-O O-O
9.Nc3 Nd7 10.a3 Nf6 11.Qc2 Qe7 12.Rad1 Bd7 13.Rfe1 Rae8 14.d5 g6 15.Qb3 b5
16.Be2 a6 17.dxc6 Bxc6 18.Nd4 Bb7 19.Bf3 Ne4 20.g3 Ng5 21.Bxb7 Qxb7 22.Qd5 Qxd5
23.Nxd5 Be5 24.Kg2 Ne6 25.b4 Kg7 26.Nc6 Bb2 27.Re2 Bf6 28.Nxf6 Kxf6 29.Rd6 Ra8
30.f4 Rfc8 31.Kf3 Kg7 32.Red2 Rc7 33.h3 h5 34.Ne5 Raa7 35.R2d3 Rc2 36.Rd7 Rac7
37.Rxc7 Rxc7 38.e4 fxe4+ 39.Kxe4 h4 40.gxh4 Rc1 41.Nf3 a5 42.Ng5 Rc4+ 43.Ke5 axb4
44.Nxe6+ fxe6 45.axb4 Rxb4 46.Rd7+ Kh6 47.Rb7 Rb3 48.Kxe6 Rxh3 49.Rxb5  1/2-1/2

[Event "zt 2.4"]
[Site "Sao Paulo BRA"]
[Date "2007.06.16"]
[Round "1"]
[White "Fier,A"]
[Black "Nina,M"]
[Result "1/2-1/2"]
[WhiteElo "2499"]
[BlackElo "2312"]

1.d4 d5 2.Bg5 Nf6 3.Bxf6 gxf6 4.Nc3 f5 5.e3 e6 6.Nge2 c5 7.Nf4 Nc6 8.Bb5 a6
9.Bxc6+ bxc6 10.O-O Rg8 11.Nd3 cxd4 12.exd4 Qh4 13.f4 Bd6 14.Qd2 a5 15.Rf3 Ba6
16.Kh1 Bxd3 17.Qxd3 Rg4 18.Raf1 Qh6 19.Ne2 Ke7 20.Rh3 Qg6 21.Rg3 Rxg3 22.Nxg3 Qg8
23.b3 Qb8 24.Qe3 Kd7 25.a4 Qb4 26.Ne2 Rc8 27.Rd1 c5 28.dxc5 Bxc5 29.Qd3 Ke7
30.c4 Rd8 31.h3 Rd6 32.Nd4 Bxd4 33.Qxd4 Qxb3 34.Qa7+ Kf6 35.Qd4+ Ke7 36.Qa7+ Kf6
37.Qd4+ Ke7 38.Qa7+  1/2-1/2

[Event "III EUICC"]
[Site "Arvier ITA"]
[Date "2007.06.19"]
[Round "5"]
[White "Antoniacci,R"]
[Black "Tocchioni,D"]
[Result "0-1"]
[WhiteElo "1995"]
[BlackElo "2247"]

1.d4 Nf6 2.Bg5 c5 3.Bxf6 gxf6 4.e3 Qb6 5.Nc3 e6 6.Ne4 cxd4 7.Qxd4 Qxd4 8.exd4 Be7
9.Nf3 d5 10.Ned2 Nc6 11.c3 a6 12.a4 e5 13.g3 Be6 14.Bg2 O-O 15.O-O b5 16.h4 Rfc8
17.dxe5 fxe5 18.Ng5 b4 19.Nxe6 fxe6 20.c4 e4 21.b3 Bf6 22.Rab1 Ne5 23.Rbc1 Nd3
24.Rc2 Bd4 25.Bh3 Kf7 26.Bg4 Ke7 27.Be2 Nxf2 28.Kg2 e3 29.Nf3 Bf6 30.Ne1 Rg8
31.Kf3 Bd4 32.cxd5 Raf8+ 33.Kg2 Be5 34.g4 exd5 35.Rc6 h5 36.g5 Rf4 37.Rxf2 Rxf2+  0-1

[Event "TCh-ESP Honor Gp1"]
[Site "Lugo ESP"]
[Date "2007.06.20"]
[Round "1"]
[White "Wojtaszek,R"]
[Black "Nielsen,PH"]
[Result "1-0"]
[WhiteElo "2620"]
[BlackElo "2649"]

1.d4 Nf6 2.Bg5 d5 3.Bxf6 exf6 4.e3 Bd6 5.Nf3 O-O 6.c4 dxc4 7.Bxc4 f5 8.O-O Nd7
9.Nc3 Nf6 10.Qc2 a6 11.Rab1 b5 12.Bd3 g6 13.e4 fxe4 14.Nxe4 Bb7 15.Rfe1 Re8
16.a3 Nxe4 17.Bxe4 Rxe4 18.Rxe4 Bxe4 19.Qxe4 Qe8 20.Qb7 Qc8 21.Qd5 Qd8 22.g3 Bf8
23.Qc6 Qe8 24.Rc1 Qxc6 25.Rxc6 Bd6 26.Ng5 Be7 27.Nf3 Bd6 28.Kf1 Kf8 29.Ke2 a5
30.Kd3 a4 31.Ng5 Ke7 32.Ne4 Kd7 33.d5 Be5 34.Nc5+ Ke7 35.Ke4 Bxb2 36.Rxc7+ Ke8
37.d6 Bxa3 38.Nb7 Bxd6 39.Nxd6+ Kf8 40.Nxb5 a3 41.Rc1 a2 42.Ra1 Kg8  1-0

[Event "11th Master Open"]
[Site "Voronezh RUS"]
[Date "2007.06.21"]
[Round "9"]
[White "Chernyshov,K"]
[Black "Kabanov,N"]
[Result "1-0"]
[WhiteElo "2567"]
[BlackElo "2499"]

1.d4 Nf6 2.Bg5 c5 3.Bxf6 gxf6 4.c3 cxd4 5.cxd4 Qb6 6.Qd2 d5 7.Nc3 e6 8.Nf3 Bd7
9.e3 Nc6 10.Bd3 Rc8 11.O-O Be7 12.Rac1 f5 13.Na4 Qb4 14.Qd1 b6 15.a3 Qd6
16.Ba6 Rd8 17.Nc3 Bf6 18.Nb5 Qe7 19.Nc7+ Kf8 20.b4 Qd6 21.Nb5 Qe7 22.Qd3 Kg7
23.Rc3 Bc8 24.Bxc8 Rxc8 25.Rfc1 Qd7 26.Qc2 Ne7 27.Nc7 Rhg8 28.b5 Kh8 29.a4 Qd6
30.Qd2 Qb4 31.Nxd5 Nxd5 32.Rxc8 Qxa4 33.e4 Ne7 34.Rxg8+ Kxg8 35.exf5 Qxb5
36.fxe6 fxe6 37.Qf4 Kg7 38.Qg4+ Kf7 39.Ne5+ Bxe5 40.Qh5+ Kf6 41.dxe5+ Qxe5
42.Qxh7 Ng6 43.h4 Qd6 44.Rc7 Ne5 45.Qh6+ Kf5 46.Qg5+ Ke4 47.Qe3+ Kf5 48.g4+ Kxg4
49.Rg7+ Kf5 50.Rg5+ Kf6 51.Qf4+  1-0

[Event "III EUICC"]
[Site "Arvier ITA"]
[Date "2007.06.22"]
[Round "8"]
[White "Prie,E"]
[Black "Schaefer,Mi1"]
[Result "1-0"]
[WhiteElo "2513"]
[BlackElo "2228"]

1.d4 Nf6 2.Bg5 d5 3.e3 Ne4 4.Bf4 c5 5.Bd3 Nf6 6.c3 Nc6 7.Nd2 Bg4 8.Ngf3 e6
9.Qa4 c4 10.Bc2 Nd7 11.Bb1 Be7 12.e4 a6 13.h3 Bh5 14.O-O O-O 15.Re1 Bg6 16.a3 b5
17.Qd1 Nb6 18.Bc2 a5 19.Bg3 Ra7 20.Nf1 Qa8 21.N3d2 b4 22.a4 Qd8 23.Ne3 b3
24.Bb1 Qd7 25.h4 f5 26.exd5 exd5 27.h5 Be8 28.Bf4 g5 29.hxg6 Bxg6 30.Qf3 Bd8
31.Qg3 Ne7 32.Nf3 Bc7 33.Ne5 Bxe5 34.Bxe5 Nc6 35.Bf4 Nc8 36.Bh6 N8e7 37.Bxf8 Kxf8
38.Qf4 Kg7 39.g4  1-0

[Event "IV Open"]
[Site "Sanxenxo ESP"]
[Date "2007.06.23"]
[Round "8"]
[White "Caselas Cabanas,J"]
[Black "Orfali,M"]
[Result "1-0"]
[WhiteElo "2423"]
[BlackElo "2001"]

1.d4 Nf6 2.Bg5 d5 3.e3 c6 4.Bd3 Bg4 5.Ne2 Bh5 6.Bxf6 gxf6 7.O-O e5 8.c4 e4
9.Bc2 Qb6 10.cxd5 f5 11.Nbc3 Rg8 12.Qd2 Qd8 13.Ng3 Qg5 14.dxc6 Nxc6 15.Ba4 Bd6
16.Rac1 Rd8 17.Nb5 Bb8 18.Rc5 Bg4 19.Nc3 Rg6 20.Bd1 Rh6 21.Bxg4 Qxg4 22.f4 exf3
23.gxf3 Qh4 24.f4 Rdd6 25.Rxf5 Rdg6 26.Ne4 Ne7 27.Rg5 f5 28.Rxg6 Rxg6 29.Ng5 Bc7
30.Qg2 h6 31.Nf3 Qf6 32.Ne5 Rg8 33.Qxb7 Qd6 34.Rc1 Bd8 35.Qf3 Rg7 36.Kh1 Qe6
37.b3  1-0

[Event "Narciso Yepes Mem"]
[Site "Lorca ESP"]
[Date "2007.06.25"]
[Round "1"]
[White "Plaskett,J"]
[Black "Aguado Solana,J"]
[Result "1-0"]
[WhiteElo "2499"]
[BlackElo "2040"]

1.d4 d5 2.Bg5 Nf6 3.Bxf6 exf6 4.e3 Bf5 5.Bd3 Bxd3 6.Qxd3 c6 7.Nd2 Bd6 8.Ne2 Na6
9.c3 Qe7 10.O-O-O O-O-O 11.Kb1 Kb8 12.Rc1 h6 13.Rhe1 Rhe8 14.h3 Qd7 15.e4 dxe4
16.Nxe4 Nc7 17.Qf3 Ne6 18.h4 Qc7 19.Rcd1 Bf8 20.Rd2 Rd7 21.Red1 Red8 22.g3 Qa5
23.g4 Qb6 24.Qe3 Bd6 25.c4 Qc7 26.d5 Nf4 27.dxc6 bxc6 28.Nxf4 Bxf4 29.Rxd7 Rxd7
30.Rxd7 Qxd7 31.Qxf4+ Kc8 32.Qf5 Qxf5 33.gxf5 Kd7 34.h5 Ke7 35.Kc2 g6 36.fxg6 fxg6
37.hxg6 f5 38.Ng3 Kf6 39.Nxf5  1-0

[Event "King's Gambit B"]
[Site "Lipetsk RUS"]
[Date "2007.06.27"]
[Round "7"]
[White "Barbashin,I"]
[Black "Ajrapetian,G"]
[Result "1-0"]
[WhiteElo "2300"]
[BlackElo "2269"]

1.d4 Nf6 2.Bg5 g6 3.Bxf6 exf6 4.g3 d5 5.Bg2 Bg7 6.e3 O-O 7.Ne2 f5 8.O-O c6
9.Nd2 Nd7 10.Rc1 Nf6 11.c4 dxc4 12.Nxc4 Nd5 13.a3 Re8 14.b4 Be6 15.Na5 Qb8
16.Qd3 a6 17.Nc3 Nb6 18.Rfd1 Rd8 19.Qc2 h5 20.Na4 Nxa4 21.Qxa4 h4 22.Qc2 hxg3
23.hxg3 Bf8 24.Bf1 Bd5 25.Nc4 Qc7 26.Bg2 Bxg2 27.Kxg2 Rd5 28.Rd3 Rad8 29.Rb3 Bg7
30.Nb2 g5 31.Nd3 Qe7 32.Qd1 R8d6 33.Rc5 Qe6 34.Rbc3 Qe7 35.Rxd5 Rxd5 36.Qf3 Qe6
37.Kf1 Bf8 38.Qh5 Qg6 39.Qxg6+ fxg6 40.f3 Bd6 41.Nc5 Bxc5 42.bxc5 f4 43.Kf2 fxe3+
44.Kxe3 Kf7 45.Rb3 Rd7 46.Ke4 Kf6 47.Rb1 Re7+ 48.Kd3 Rd7 49.Rh1 g4 50.f4 Re7
51.a4 Kf5 52.Rh8 Kf6 53.Rf8+ Kg7 54.Rd8 Kf6 55.Rd6+ Kf7 56.a5 Re6 57.Rxe6 Kxe6
58.Ke4 Kf6 59.d5 cxd5+ 60.Kxd5 Kf5 61.Kd6 Ke4 62.Kc7 Kd5 63.Kxb7  1-0

[Event "King's Gambit B"]
[Site "Lipetsk RUS"]
[Date "2007.06.30"]
[Round "12"]
[White "Barbashin,I"]
[Black "Szieberth,A"]
[Result "1-0"]
[WhiteElo "2300"]
[BlackElo "2321"]

1.d4 Nf6 2.Bg5 g6 3.Bxf6 exf6 4.g3 Bg7 5.Bg2 d6 6.e3 Nc6 7.c3 Bd7 8.Nd2 Rb8
9.Ne2 O-O 10.Nf4 Bh6 11.Nd5 Be6 12.Qf3 Bxd5 13.Qxd5 Ne7 14.Qf3 f5 15.a4 Bg7
16.Bf1 d5 17.Bd3 Qd7 18.b4 Qc6 19.Ra3 Nc8 20.c4 dxc4 21.Bxc4 Re8 22.O-O Qxf3
23.Nxf3 Nb6 24.Bd3 Bf8 25.Rb3 Nd5 26.Rc1 Nxb4 27.Rxc7 Nxd3 28.Rxd3 Bd6 29.Rd7 Red8
30.Rxd8+ Rxd8 31.Rc3 f6 32.Kf1 Kf7 33.Ke2 Rd7 34.Kd3 Ke6 35.Nd2 Bb4 36.Rc8 Bxd2
37.Kxd2 b6 38.Kd3 g5 39.h4 gxh4 40.gxh4 Kd6 41.Rg8 Ke6 42.h5 Rd5 43.Rg7 h6
44.Rxa7 f4 45.e4 Rxh5 46.d5+ Kd6 47.Rb7 Rh1 48.Rxb6+ Ke7 49.Rb7+ Ke8 50.a5 Ra1
51.Ra7 h5 52.a6 h4 53.e5 h3 54.Rh7 Rxa6 55.e6 Ra1 56.Ke4 Rd1 57.Rxh3 Ke7
58.Rh7+ Kd6 59.Rd7+ Kc5 60.Kxf4 Rf1 61.f3 Rf2 62.e7 Re2 63.Kf5  1-0

[Event "REDA"]
[Site "Brno CZE"]
[Date "2007.07.05"]
[Round "8"]
[White "Cech,P"]
[Black "Hagesaether,E"]
[Result "1-0"]
[WhiteElo "2403"]
[BlackElo "2207"]

1.d4 Nf6 2.Bg5 g6 3.Bxf6 exf6 4.g3 f5 5.Bg2 Bg7 6.e3 O-O 7.Ne2 d5 8.O-O c6
9.Nd2 Nd7 10.Nf4 Nf6 11.c4 Be6 12.Qb3 Qd7 13.cxd5 Bxd5 14.Nxd5 cxd5 15.Rac1 Rac8
16.Nb1 Ne4 17.Nc3 Rfd8 18.Rc2 Rc6 19.Rfc1 g5 20.Nxe4 fxe4 21.Rxc6 bxc6 22.Qa4 Rc8
23.b4 Bf8 24.a3 Rc7 25.Qa6 Bd6 26.Bf1 f5 27.b5 c5 28.dxc5 Rxc5 29.Rxc5 Bxc5
30.Qf6 Be7 31.Qd4 Qb7 32.a4 Kf7 33.Qh8 Qb6 34.Qxh7+ Ke6 35.Qg8+ Kd6 36.Qg6+ Ke5
37.Qe8 Kf6 38.Qd7 Qc5 39.a5 f4 40.gxf4 gxf4 41.exf4 e3 42.Qc6+ Kf5 43.Qxc5 Bxc5
44.fxe3 Bxe3+ 45.Kg2 Bxf4 46.b6 axb6 47.a6 Bb8 48.Bb5 Kg4 49.Kf2 Kf4 50.Ke2 Ke4
51.h4 d4 52.h5 d3+ 53.Kd2 Bf4+ 54.Kd1  1-0